000 00909cam a22002771 4500
001 5281
003 BD-RjUL
005 20211208234037.0
008 131224s1948 ilu b 001 0 eng d
035 _a(BD-RjUL) 5317
035 _a(OCoLC)812262
040 _aDLC
_cODaU
_dOCoLC
_dDLC
_d(BD-RjUL)
_beng
041 _aeng
082 _a342.8
_bCON
100 1 _d1902-1979,
_910190
245 1 4 _aThe constitutions of the Americas, as of January 1, 1948 /
_cEditor-in-chief, Russell H. Fitzgibbon; associate editors, Cullen B. Gosnell [and others]
260 _aChicago :
_bUniv. of Chicago Press,
_c[1948]
300 _axx, 847 p. ;
_c24 cm.
504 _aBibliography: p. 819-824.
650 0 _aConstitutions.
_916605
651 0 _aAmerica
_xPolitics and government.
_916606
651 0 _aLatin America
_xPolitics and government.
_916607
942 _2ddc
_cBK
999 _c5281
_d5281